Statistics for Denominations of Major Currencies in Circulation

Click here to take the quiz!

General Stats

  • This quiz has been taken 268 times
    (259 since last reset)
  • The average score is 39 of 50

Answer Stats

TypeDenomination% Correct
US Coin
98%
US Coin10¢
98%
US Coin
98%
US Bill$1
97%
US Bill$2
96%
US Bill$5
96%
US Coin$1
95%
US Bill$10
95%
Euro Coin10c
95%
Euro Coin1c
95%
US Bill$20
95%
Euro Coin2c
95%
Euro Coin50c
95%
Euro Coin5c
95%
Euro Coin€1
94%
US Bill$100
94%
Euro Coin20c
94%
US Coin25¢
94%
US Bill$50
94%
US Coin50¢
94%
Euro Coin€2
93%
Euro Bill€10
92%
Euro Bill€5
92%
Euro Bill€20
91%
Euro Bill€50
89%
Euro Bill€100
87%
Euro Bill€500
86%
Euro Bill€200
85%
Yen Coin¥1
82%
Yen Coin¥10
80%
Yen Coin¥5
80%
Yen Coin¥50
75%
Yen Coin¥100
72%
Yen Coin¥500
68%
Yen Bill¥1000
62%
UK Coin1p
62%
UK Coin2p
62%
UK Coin5p
59%
UK Coin10p
56%
Yen Bill¥2000
56%
UK Coin20p
55%
Yen Bill¥5000
54%
UK Coin50p
53%
Yen Bill¥10,000
52%
UK Coin£1
51%
UK Coin£2
50%
UK Bill£5
47%
UK Bill£10
46%
UK Bill£20
44%
UK Bill£50
43%

Score Distribution

Percentile by Number Answered

Percent of People with Each Score

Your Score History

You have not taken this quiz since the last reset